000 01429nam a2200337 a 4500
001 ebr10630606
003 CaPaEBR
006 m u
007 cr cn|||||||||
008 110411s2012 enka sb 001 0 eng d
010 _z 2011015324
020 _z9780470657263 (hard cover : alk. paper)
020 _z047065726X (hard cover : alk. paper)
020 _z9781119950516 (e-book)
040 _aCaPaEBR
_cCaPaEBR
035 _a(OCoLC)779695945
050 1 4 _aRD598.35.A53
_bS65 2012eb
082 0 4 _a617.4/13
_223
100 1 _aSchmilowski, E. von
_q(Eva von)
245 1 0 _aEssential angioplasty
_h[electronic resource] /
_cE. von Schmilowski, R.H. Swanton.
260 _aChichester, West Sussex, U.K. :
_bWiley-Blackwell,
_c2012.
300 _axii, 380 p. :
_bill.
504 _aIncludes bibliographical references and index.
505 0 _aFundamentals -- Devices in practice -- Interventional patient -- Interventional pharmacotherapy -- Techniques -- Complications -- Imaging.
533 _aElectronic reproduction.
_bPalo Alto, Calif. :
_cebrary,
_d2011.
_nAvailable via World Wide Web.
_nAccess may be limited to ebrary affiliated libraries.
650 0 _aAngioplasty.
655 7 _aElectronic books.
_2local
700 1 _aSwanton, Howard.
710 2 _aebrary, Inc.
856 4 0 _uhttp://site.ebrary.com/lib/rucke/Doc?id=10630606
_zAn electronic book accessible through the World Wide Web; click to view
999 _c71636
_d71636